Normal view MARC view
  • Medina Melgarejo, Patricia

Entry Nombre Personal

Number of records used in: 19

001 - NUMERO DE CONTROL

  • campo de control: 29276

003 - IDENTIFICADOR DE NUMERO DE CONTROL

  • campo de control: DLC

005 - FECHA Y HORA DE LA ÜLTIMA TRANSACCIÓN

  • campo de control: 20220926093430.0

008 - DATOS DE LONGITUD FIJA

  • campo de control de longitud fija: 220926n| acannaabn |a aaa

010 ## - NÚMERO DE CONTROL DE LA BIBLIOTECA DEL CONGRESO

  • Número de control LC: n 2002114040

040 ## - FUENTE DE CATALOGACIÓN

  • Agencia original de catalogación: DLC
  • Lenguaje de catalogación: spa
  • Agencia de transcripción: DLC
  • Agencia que lo modifica: MX-MxUPN

100 1# - ENCABEZAMIENTO - NOMBRE PERSONAL

  • Nombre personal: Medina Melgarejo, Patricia

373 ## - GRUPO ASOCIADO

  • Associated group: Universidad Pedagógica Nacional (México)

374 ## - OCUPACIÓN

  • Occupation: Profesora universitaria

400 1# - VEÁSE - NOMBRE DE PERSONA

  • Personal name: Melgarejo, Patricia Medina

670 ## - FUENTE EN LA QUE SE LOCALIZARON DATOS

  • Cita de la fuente: Medina Melgarejo, Patricia. Eres maestro normalista y/o profesor universitario?, 2000:
  • Información localizada: portada (Patricia Medina Melgarejo) solapa delantera (profesora, Univ. Pedagógica Nac. [Mexico])

902 ## - CATALOGADOR

  • Catalogador: NDAF/220926